00437nam a2200121Ia 4500008004100000020001800041050002500059245010100084250001200185260005100197300003400248500003300282140529s9999 xx 000 0 und d a9780323100953 aR 858.A1b.H425 2014 aHealth informatics :ban interprofessional approach /c[edited by] Ramona Nelson, Nancy Staggers a1st ed. aSt. Louis, Missouri :bElsevier Mosby,cc2014. a535 p. :bcol. ill. ;c28 cm. aIncludes glossary and index.